000 00290nam a22001337a 4500
008 181106b xxu||||| |||| 00| 0 eng d
020 _a0029259207
041 _aeng
080 _a030
100 _a24
101 _aENC
245 _aEncyclopedia Of Biothics
_cReich.T
942 _2udc
_cBK
999 _c52051
_d52051